Introducción a la teoría de vibraciones de sistemas discretos y continuos /
Guardado en:
| Autor Principal: | |
|---|---|
| Otros Autores: | , |
| Formato: | Libro |
| Idioma: | Spanish |
| Publicado: |
[Buenos Aires] :
Eudeba,
c1973.
|
| Series: | Manuales (Editorial Universitaria de Buenos Aires)
|
| Etiquetas: |
Agregar Etiqueta
Sin Etiquetas, Sea el primero en etiquetar este registro!
|
| LEADER | 00767nam a22001935a 4500 | ||
|---|---|---|---|
| 001 | MAT.inmabb002630 | ||
| 008 | 050818s1973####ag#a#####b####000#0#spa#d | ||
| 005 | 20110317131702.0 | ||
| 245 | 1 | 0 | |a Introducción a la teoría de vibraciones de sistemas discretos y continuos / |c Patricio A. A. Laura ; con la colaboración de Evelina Marinelli y José Pombo. |
| 260 | |a [Buenos Aires] : |b Eudeba, |c c1973. | ||
| 300 | |a xiv, 220 p. : |b il. ; |c 23 cm. | ||
| 490 | 1 | |a Manuales | |
| 504 | |a Incluye referencias bibliográficas. | ||
| 100 | 1 | |a Laura, Patricio A. A. | |
| 700 | 1 | |a Marinelli, Evelina. |4 clb | |
| 700 | 1 | |a Pombo, José. |4 clb | |
| 830 | 0 | |a Manuales (Editorial Universitaria de Buenos Aires) | |
| 084 | |a 70Jxx (74H45 70-01 74-01) |2 msc2000 | ||
| 859 | |h 70 |i L377 |p A-5065 |b BIB. MATEMATICA | ||
